| 000 | 01044cam a22003851 4500 | ||
|---|---|---|---|
| 001 | 6989453 | ||
| 003 | LC | ||
| 005 | 20160223103337.0 | ||
| 008 | 720907s1954 xx 000 0 eng | ||
| 010 | _a 55022844 | ||
| 015 | _aGB54-12194 | ||
| 020 | _a9780399501487 | ||
| 035 | _a(OCoLC)401180 | ||
| 040 |
_aDLC _cOU _dUk _dDLC |
||
| 050 | 0 | 0 |
_aPR 6013.O35 _b.G619 1954 |
| 082 |
_aFIC _bG56l 1954 |
||
| 100 | 1 |
_aGolding, William, _d1911-1993. _917339 |
|
| 245 | 1 | 0 |
_aLord of the flies _cWilliam Golding |
| 260 |
_aLondon, _bFaber and Faber _cc1954. |
||
| 300 |
_a248 p. : _c18 cm. |
||
| 650 | 0 |
_aSurvival _vFiction. _917340 |
|
| 650 | 0 |
_aRegression (Psychology) _vFiction. _917341 |
|
| 650 | 0 |
_aIslands _vFiction. _917342 |
|
| 650 | 0 |
_aBoys _vFiction. _917343 |
|
| 655 | 7 |
_aPsychological fiction. _2lcsh _92883 |
|
| 906 |
_a7 _bcbc _coclcrpl _du _encip _f19 _gy-gencatlg |
||
| 942 |
_2lcc _cBK |
||
| 999 |
_c10702 _d10702 |
||